000 00605nam a2200181 a 4500
008 120416s1983 ||||||||||||||||| || u
020 _a0140064850
050 _aHG 3881 Sam
100 _aSampson, Anthony
245 1 4 _aThe money lenders
260 _aNew York:
_bPenguin
_c1983
300 _a428p.
350 _a0.00
650 _aBANKERS
650 _aBANKS AND BANKING--INTERNATIONAL
650 _aBANKS AND BANKING--DEVELOPING COUNTRIES
995 _D0.00
_FCBU-MAIN LIBRARY (Kitwe)
_H1
_I9.95
_M1
_UAVAILABLE
_ZMain Library Open Access Collection
999 _c51613
_d51613